Optimalizácia technológie zvárania vo firme KNOTT pre materiály s podmienenou zvariteľnosťou

Guardado en:
Detalles Bibliográficos
Autor principal: Gatyáš, Michal (Autor)
Otros Autores: Steinhübl, Jozef (Orientador)
Formato: Manuscrito Libro
Lenguaje:eslovaco
Publicado: 2017
Materias:
Acceso en línea:http://is.stuba.sk/zp/portal_zp.pl?podrobnosti=132194
Etiquetas: Agregar Etiqueta
Sin Etiquetas, Sea el primero en etiquetar este registro!

MARC

LEADER 00000ntm a22000003a 4500
001 stuzp62171
003 SK-STU
005 20170610210454.5
007 ta
008 150427s2015----xo-----f-mn---000-0-slo-d
040 |a STU  |b slo 
041 0 |a slo 
100 1 |a Gatyáš, Michal  |u 063000  |k Z4  |4 aut  |U MTF Materiálovotechnologická fakulta  |T MTF Ústav výrobných technológií  |X 46928  |U M3000  |Y 83  |7 46928 
242 0 1 |a Optimization of welding technology for materials with conditional weldability in the KNOTT company  |y eng 
245 1 0 |a Optimalizácia technológie zvárania vo firme KNOTT pre materiály s podmienenou zvariteľnosťou 
260 |c 2017 
650 4 |a Cr-Mo oceľ  |2 slo 
650 4 |a predhrev  |2 slo 
650 4 |a kvalita zvarového spoja  |2 slo 
650 4 |a Cr-Mo steel  |2 eng 
650 4 |a preheat  |2 eng 
650 4 |a quality of welded joints  |2 eng 
700 1 |a Steinhübl, Jozef  |4 ths  |X 69700  |7 69700 
856 4 |u http://is.stuba.sk/zp/portal_zp.pl?podrobnosti=132194 
996 |c M* DP-13048  |l MMSKP  |s P  |a 0  |w stuzp62171_0001